| 000 | 00690cas a2200229 a 4500 | ||
|---|---|---|---|
| 008 | |||
| 020 | _a0117032359 (pbk.) | ||
| 049 | _aMAIN | ||
| 090 | 0 | _aLA632COM | |
| 245 | 0 | 0 | _aCommonwealth education partnerships. |
| 260 |
_aLondon : _bTSO, _c2002- |
||
| 300 |
_av. : _bill., col. maps ; _c30 cm. |
||
| 500 | _aLatest issue consulted: 2004. | ||
| 650 | 0 |
_aEducation _zCommonwealth countries _vPeriodicals. |
|
| 650 | 0 |
_aEducation _zCommonwealth countries _vDirectories. |
|
| 710 | 2 | _aCommonwealth Secretariat. | |
| 907 |
_a.b10205883 _b11-07-06 _c20-06-06 |
||
| 003 | |||
| 005 | 20230123134222.0 | ||
| 040 | _cNUST | ||
| 942 |
_cBOOKS _kLA632COM |
||
| 999 |
_c162083 _d162083 |
||